00619 2200193 4500001002100000005001500021035002000036008004100056245014800097100002100245260002600266300001900292020001800311084002100329082001100350650002100361700002300382990002000405INLIS00000000000792620260424031140 a0010-0426000114260424 0 ind 1 aCorporate Event Management :bSukses Menjalangkan Event Perusahaan Dengan Pendekatan Manajemen Proyek /cWilliam O'Toole dan Phyllis Mikolaitis aO'Toole, William aJakarta :bPPM,c2006 a367 ;c24 x 14 a979-442-216-9 a658404 O'T C C.1 a658404 4aManajemen Proyek aPhyllis Mikolaitis a260311200011266